00847nam a2200253 a 450000100100000000500170001000800410002704000250006808200150009310000340010824500560014226000380019830000270023650000320026365000220029565000250031765000160034265000320035865000320039070000350042204900090045795201120046699900150057800000686220260120073950.0090903s1998 dr a 001 spa d aDO-SdBNPbspacBNPHU a242.2bE771 aEspinal, Rafael,d195691905113aEl odio enferma el perdón sana /cRafael Espinal. aSanto Domingo, :b[s. n.],c1998. a125 p. :bil ;c21 cm. aIncluye datos biográficos 4aMeditación9687 0aVida espiritual9268 4aOdio919052 4aPerdonxMeditaciones919053 4aExperiencia religiosa968441 aFlorentino, Milcíades919054 aBNPD 0010718PDaPDbPDcCTd2009-09-03iLF1l0o242.2 E77p6862-10r2020-06-25w2020-06-25yLFPDZNo se presta c6650d6650